|
|
|
|
| LEADER |
01010pam a22002898a 4500 |
| 001 |
00029369 |
| 005 |
20171026081025.0 |
| 008 |
120627s2008 ||||||viesd |
| 020 |
|
|
|c 71000
|
| 041 |
0 |
# |
|a vie
|
| 082 |
1 |
4 |
|a 909.82
|b L302S
|
| 100 |
1 |
# |
|a Trần, Thị Vinh
|e Chủ biên
|
| 245 |
1 |
0 |
|c Trần Thị Vinh (ch.b); Lê Văn Anh
|n Quyển 2
|b Giáo trình Đại học sư phạm
|a Lịch sử thế giới hiện đại
|
| 260 |
# |
# |
|a H.
|b Đại học Sư phạm
|c 2008
|
| 300 |
# |
# |
|a 431 tr.
|c 24 cm.
|
| 504 |
# |
# |
|a Thư mục: tr.423-424
|
| 650 |
# |
4 |
|a Thế giới
|v Lịch sử
|
| 653 |
# |
# |
|a Lịch sử
|
| 653 |
# |
# |
|a Thế giới hiện đại
|
| 700 |
1 |
# |
|a Lê, Văn Anh
|
| 852 |
# |
# |
|b Kho đọc
|j KD.0013684
|
| 852 |
# |
# |
|j KGT.0052566, KGT.0052567
|b Kho mượn
|
| 852 |
# |
# |
|j KGT.0052567
|j KD.0013684
|j KGT.0052566
|
| 910 |
0 |
# |
|d 14/6/2012
|a kchi
|
| 980 |
# |
# |
|a Trung tâm Học liệu Lê Vũ Hùng, Trường Đại học Đồng Tháp
|